00543nam a2200193 a 4500001001300000003000900013005001700022008004100039020000800080082001600088100001700104245001900121260004600140300000900186500003500195505007500230650002700305700001700332nice12345678IN_TiNIC20260116011700.0050524s1903 puna grc 000 0 49g  ac000a248.22bGOL aGolaknath, H aKashful Haqaiq aPunjabbChristian Literature Centrec1903 a291p aincludes index and biblioraphy2 areprinted from"the bulletin of the john rylands library 1927,V.11,No.1 aMysticism-Christianity1 aGolaknath, H